مكتبة جامعة عجلون الوطنية

فهرس بحث المكتبة

Normal view MARC view
  • الفرق الاسلامية- الباطنية- الشيعة

Entry Topical Term

Number of records used in: 1

001 - CONTROL NUMBER

  • control field: 7992

003 - CONTROL NUMBER IDENTIFIER

  • control field: JO-AjAnu

005 - DATE AND TIME OF LATEST TRANSACTION

  • control field: 20230606071606.0

008 - FIXED-LENGTH DATA ELEMENTS

  • fixed length control field: 230606|| aca||aabn | a|a d

040 ## - CATALOGING SOURCE

  • Original cataloging agency: JO-AjAnu
  • Transcribing agency: JO-AjAnu

150 ## - HEADING--TOPICAL TERM

  • Topical term or geographic name entry element: الفرق الاسلامية- الباطنية- الشيعة

670 ## - SOURCE DATA FOUND

  • Source citation: Work cat.: (JO-AjAnu)4127: الغزالي، ابي حامد محمد بن محمد ؛ تقديم وضبط وتصحيح: عبد الكريم سامي الجندي, author 7991, فضائح الباطنية وفضائل المستظهرية